| 000 | 00520nam a2200133Ia 4500 | ||
|---|---|---|---|
| 008 | 171207s9999 xx 000 0 und d | ||
| 100 | _aKebir, Salim | ||
| 245 | 2 | _aA genetic algorithm-based approach for automated refactoring of component-based software | |
| 245 | _cSalim Kebir, Isabelle Borne, Djamel Meslati | ||
| 260 | _c2017 | ||
| 300 | _apages 17-36, August 2017 | ||
| 440 |
_aInformation and Software Technology _v88: |
||
| 650 | _aGenetic algorithm, Refactoring, Component-based software engineering, Bad smells | ||
| 999 |
_c347477 _d347477 |
||